[Event "EWIRCC 2019"]
[Site "Monte-Carlo"]
[Date "2019.12.01"]
[Round "9.8"]
[White "Osmak, Iulija"]
[Black "Daulyte-Cornette, Deimante"]
[Result "1-0"]
[WhiteElo "2401"]
[BlackElo "2405"]
[Annotator "NA"]
[PlyCount "79"]
[EventDate "2019.11.28"]
[EventType "swiss"]
[EventCountry "MNC"]
[SourceTitle "playchess.com"]
[Source "ChessBase"]
[SourceQuality "1"]
[TimeControl "5400+30"]

1. d4 {[%emt 1:15:11]} Nf6 {[%emt 1:15:12]} 2. c4 {[%emt 0:00:21]} b6 {[%emt 0:00:23]} 3. Nc3 {[%emt 0:00:25]} Bb7 {[%emt 0:00:21]} 4. f3 {[%emt 0:00:51]} d5 {[%emt 0:00:40]} 5. cxd5 {[%emt 0:00:23]} Nxd5 {[%emt 0:00:22]} 6. e4 {[%emt 0:00:22]} Nxc3 {[%emt 0:00:28]} 7. bxc3 {[%emt 0:00:21]} e5 {[%emt 0:00:31]} 8. Bb5+ {[%emt 0:01:17]} c6 {[%emt 0:01:20]} 9. Bc4 {[%emt 0:00:34]} exd4 {[%emt 0:00:34]} 10. cxd4 {[%emt 0:00:24]} Bb4+ {[%emt 0:00:31]} 11. Kf1 {[%emt 0:02:21]} O-O {[%emt 0:01:14]} 12. Ne2 {[%emt 0:00:24]} b5 {[%emt 0:02:05]} 13. Bb3 {[%emt 0:00:51]} c5 {[%emt 0:01:25]} 14. a3 {[%emt 0:00:45]} Ba5 {[%emt 0:00:25]} 15. dxc5 {[%emt 0:00:27]} Qf6 {[%emt 0:00:50]} 16. Be3 {[%emt 0:01:11]} Bxe4 {[%emt 0:03:16]} 17. Qd4 {[%emt 0:04:06]} Qxd4 {[%emt 0:00:52]} 18. Nxd4 {[%emt 0:00:43]} Bd3+ {[%emt 0:01:56]} 19. Kf2 {[%emt 0:00:22]} Na6 {[%emt 0:01:02]} 20. Rac1 {[%emt 0:00:46]} Rac8 {[%emt 0:01:44]} 21. Rhd1 {[%emt 0:00:39]} Bc4 {[%emt 0:00:53]} 22. Bxc4 {[%emt 0:00:49]} bxc4 {[%emt 0:00:22]} 23. Nf5 {[%emt 0:00:26]} Rc7 {[%emt 0:01:54]} 24. Rxc4 {[%emt 0:00:27]} g6 {[%emt 0:01:06]} 25. Nh6+ {[%emt 0:01:04]} Kg7 {[%emt 0:00:40]} 26. Ra4 {[%emt 0:00:29]} f5 {[%emt 0:02:06]} 27. Rxa5 {[%emt 0:00:24]} Nb8 {[%emt 0:00:31]} 28. Bf4 {[%emt 0:01:20]} Rb7 {[%emt 0:00:26]} 29. Rd2 {[%emt 0:00:51]} Nc6 {[%emt 0:00:30]} 30. Ra6 {[%emt 0:00:23]} Rc8 {[%emt 0:00:36]} 31. g4 {[%emt 0:00:44]} Nb8 {[%emt 0:00:39]} 32. Bxb8 {[%emt 0:01:22]} Rcxb8 {[%emt 0:00:39]} 33. g5 {[%emt 0:00:27]} Rc8 {[%emt 0:00:35]} 34. c6 {[%emt 0:00:29]} Rbc7 {[%emt 0:00:23]} 35. Rd7+ {[%emt 0:00:32]} Rxd7 {[%emt 0:00:34]} 36. cxd7 {[%emt 0:00:22]} Rd8 {[%emt 0:00:23]} 37. Rxa7 {[%emt 0:00:32]} Kf8 {[%emt 0:00:21]} 38. Rc7 {[%emt 0:00:46]} Ke7 {[%emt 0:00:25]} 39. a4 {[%emt 0:00:48]} Ra8 {[%emt 0:00:51]} 40. Nf7 {[%emt 0:00:34]} 1-0

[Event "EWIRCC 2019"]
[Site "Monte-Carlo"]
[Date "2019.12.01"]
[Round "9.9"]
[White "Kashlinskaya, Alina"]
[Black "Gaponenko, Inna"]
[Result "1/2-1/2"]
[WhiteElo "2486"]
[BlackElo "2427"]
[Annotator "ChessBase"]
[PlyCount "129"]
[EventDate "2019.11.28"]
[EventType "swiss"]
[EventCountry "MNC"]
[SourceTitle "playchess.com"]
[Source "ChessBase"]
[SourceQuality "1"]
[TimeControl "5400+30"]

1. d4 {[%emt 1:15:11]} d5 {[%emt 1:15:11]} 2. c4 {[%emt 0:00:22]} dxc4 {[%emt 0:00:21]} 3. Nf3 {[%emt 0:00:34]} Nf6 {[%emt 0:00:21]} 4. e3 {[%emt 0:00:22]} e6 {[%emt 0:00:21]} 5. Bxc4 {[%emt 0:00:23]} c5 {[%emt 0:00:22]} 6. O-O {[%emt 0:00:24]} Nc6 {[%emt 0:00:20]} 7. Nc3 {[%emt 0:00:34]} a6 {[%emt 0:00:22]} 8. Bb3 {[%emt 0:02:19]} Be7 {[%emt 0:03:58]} 9. dxc5 {[%emt 0:01:43]} Qxd1 {[%emt 0:00:28]} 10. Rxd1 {[%emt 0:00:22]} Bxc5 {[%emt 0:00:22]} 11. Bd2 {[%emt 0:00:33]} O-O {[%emt 0:00:44]} 12. Rac1 {[%emt 0:00:21]} Bd7 {[%emt 0:00:21]} 13. Nd5 {[%emt 0:01:37]} Ne4 {[%emt 0:06:01]} 14. Nf4 {[%emt 0:02:38]} Rfd8 {[%emt 0:01:09]} 15. Be1 {[%emt 0:01:15]} Be7 {[%emt 0:03:17]} 16. Bc2 {[%emt 0:01:54]} Nf6 {[%emt 0:00:23]} 17. h3 {[%emt 0:00:31]} Be8 {[%emt 0:00:27]} 18. g4 {[%emt 0:00:33]} Rxd1 {[%emt 0:00:29]} 19. Bxd1 {[%emt 0:01:05]} Rd8 {[%emt 0:00:40]} 20. Bb3 {[%emt 0:01:11]} Ne4 {[%emt 0:01:33]} 21. Bc2 {[%emt 0:00:25]} Nd6 {[%emt 0:00:24]} 22. Kg2 {[%emt 0:01:01]} h6 {[%emt 0:01:28]} 23. h4 {[%emt 0:01:22]} Nc4 {[%emt 0:00:40]} 24. Bc3 {[%emt 0:02:08]} Bb4 {[%emt 0:01:18]} 25. Bxb4 {[%emt 0:00:49]} Nxb4 {[%emt 0:00:22]} 26. Be4 {[%emt 0:00:23]} Nd6 {[%emt 0:00:44]} 27. Bb1 {[%emt 0:01:30]} Bc6 {[%emt 0:00:26]} 28. a3 {[%emt 0:00:21]} Nd5 {[%emt 0:00:31]} 29. Kg3 {[%emt 0:00:21]} Nxf4 {[%emt 0:00:56]} 30. Kxf4 {[%emt 0:00:21]} Bxf3 {[%emt 0:00:43]} 31. Kxf3 {[%emt 0:00:22]} Rc8 {[%emt 0:00:27]} 32. Rxc8+ {[%emt 0:01:45]} Nxc8 {[%emt 0:00:21]} 33. Ke4 {[%emt 0:00:24]} Kf8 {[%emt 0:00:21]} 34. Kd4 {[%emt 0:01:03]} Ke7 {[%emt 0:00:28]} 35. Be4 {[%emt 0:00:21]} Nd6 {[%emt 0:00:22]} 36. Bf3 {[%emt 0:00:24]} Kd7 {[%emt 0:00:27]} 37. Kc5 {[%emt 0:00:34]} Kc7 {[%emt 0:00:22]} 38. Bg2 {[%emt 0:00:33]} b6+ {[%emt 0:00:23]} 39. Kd4 {[%emt 0:00:22]} a5 {[%emt 0:00:32]} 40. f4 {[%emt 0:00:27]} f6 {[%emt 0:00:35]} 41. Bf1 {[%emt 0:00:33]} Nf7 {[%emt 0:00:29]} 42. Bc4 {[%emt 0:00:36]} Kd6 {[%emt 0:00:23]} 43. Ke4 {[%emt 0:00:46]} Nd8 {[%emt 0:00:25]} 44. b4 {[%emt 0:00:26]} axb4 {[%emt 0:00:24]} 45. axb4 {[%emt 0:00:21]} Nc6 {[%emt 0:00:23]} 46. b5 {[%emt 0:00:21]} Na5 {[%emt 0:00:36]} 47. Ba2 {[%emt 0:00:21]} Nb7 {[%emt 0:00:22]} 48. g5 {[%emt 0:00:46]} Nc5+ {[%emt 0:00:29]} 49. Kd4 {[%emt 0:00:25]} e5+ {[%emt 0:00:38]} 50. fxe5+ {[%emt 0:00:31]} fxe5+ {[%emt 0:00:22]} 51. Kc4 {[%emt 0:00:21]} hxg5 {[%emt 0:00:21]} 52. hxg5 {[%emt 0:00:21]} Ne4 {[%emt 0:01:20]} 53. g6 {[%emt 0:00:21]} Ke6 {[%emt 0:00:21]} 54. Kd3+ {[%emt 0:00:36]} Kf5 {[%emt 0:00:24]} 55. Be6+ {[%emt 0:00:50]} Kxe6 {[%emt 0:00:22]} 56. Kxe4 {[%emt 0:00:21]} Kd6 {[%emt 0:00:43]} 57. Kf5 {[%emt 0:00:32]} Kd5 {[%emt 0:00:37]} 58. e4+ {[%emt 0:00:22]} Kd6 {[%emt 0:00:52]} 59. Kg5 {[%emt 0:00:21]} Kc5 {[%emt 0:00:36]} 60. Kf5 {[%emt 0:00:46]} Kd6 {[%emt 0:00:23]} 61. Kg4 {[%emt 0:00:24]} Ke6 {[%emt 0:00:41]} 62. Kg5 {[%emt 0:00:22]} Ke7 {[%emt 0:00:21]} 63. Kf5 {[%emt 0:00:31]} Kd6 {[%emt 0:00:21]} 64. Kg4 {[%emt 0:00:22]} Ke6 {[%emt 0:00:39]} 65. Kg5 {[%emt 0:00:21]} 1/2-1/2

[Event "EWIRCC 2019"]
[Site "Monte-Carlo"]
[Date "2019.12.01"]
[Round "9.10"]
[White "Zaksaite, Salomeja"]
[Black "Chiburdanidze, Maia"]
[Result "0-1"]
[WhiteElo "2202"]
[BlackElo "2500"]
[Annotator "ChessBase"]
[PlyCount "66"]
[EventDate "2019.11.28"]
[EventType "swiss"]
[EventCountry "MNC"]
[SourceTitle "playchess.com"]
[Source "ChessBase"]
[SourceQuality "1"]
[TimeControl "5400+30"]

1. e4 {[%emt 1:15:11]} c6 {[%emt 1:30:30]} 2. d4 {[%emt 0:15:49]} d5 {[%emt 0:00:00]} 3. e5 {[%emt 0:00:00]} a6 {[%emt 0:00:00]} 4. Bd3 {[%emt 0:00:00]} c5 {[%emt 0:01:30]} 5. dxc5 {[%emt 0:00:00]} Qc7 {[%emt 0:00:00]} 6. Nf3 {[%emt 0:00:00]} Bg4 {[%emt 0:00:00]} 7. O-O {[%emt 0:00:00]} e6 {[%emt 0:00:00]} 8. a3 {[%emt 0:00:00]} Bxc5 {[%emt 0:00:00]} 9. Nbd2 {[%emt 0:00:00]} Nc6 {[%emt 0:00:00]} 10. Qe1 {[%emt 0:00:00]} Nge7 {[%emt 0:00:00]} 11. b4 {[%emt 0:00:00]} Ba7 {[%emt 0:00:00]} 12. Bb2 {[%emt 0:00:00]} b5 {[%emt 0:00:00]} 13. h3 {[%emt 0:00:37]} Bh5 {[%emt 0:00:00]} 14. g4 {[%emt 0:01:27]} Bg6 {[%emt 0:05:00]} 15. Qe2 Nc8 {[%emt 0:00:00]} 16. Kg2 {[%emt 0:01:26]} Nb6 {[%emt 0:00:00]} 17. Rad1 {[%emt 0:02:15]} Na4 {[%emt 0:00:00]} 18. Ba1 {[%emt 0:00:23]} Ne7 {[%emt 0:00:00]} 19. Nb1 {[%emt 0:01:02]} Rc8 {[%emt 0:00:00]} 20. Rfe1 {[%emt 0:00:31]} O-O {[%emt 0:00:00]} 21. Qd2 {[%emt 0:00:57]} Nc6 {[%emt 0:00:00]} 22. Nh4 {[%emt 0:00:32]} Qe7 {[%emt 0:00:00]} 23. Nxg6 {[%emt 0:00:25]} fxg6 {[%emt 0:00:00]} 24. Nc3 {[%emt 0:00:44]} Nxc3 {[%emt 0:00:00]} 25. Bxc3 {[%emt 0:00:21]} g5 {[%emt 0:00:06]} 26. a4 {[%emt 0:00:27]} d4 {[%emt 0:00:33]} 27. Bb2 {[%emt 0:00:37]} Nxb4 {[%emt 0:00:45]} 28. axb5 {[%emt 0:00:53]} axb5 {[%emt 0:00:22]} 29. Ra1 {[%emt 0:00:24]} Bc5 {[%emt 0:00:29]} 30. Bxb5 {[%emt 0:00:42]} Qb7+ {[%emt 0:00:27]} 31. Kg1 {[%emt 0:00:30]} Qxb5 {[%emt 0:00:24]} 32. Bxd4 {[%emt 0:00:31]} Nxc2 {[%emt 0:01:04]} 33. Reb1 {[%emt 0:00:31]} Nxd4 {[%emt 0:00:27]} 0-1

[Event "EWIRCC 2019"]
[Site "Monte-Carlo"]
[Date "2019.12.01"]
[Round "9.11"]
[White "Leconte, Maria"]
[Black "Sebag, Marie"]
[Result "0-1"]
[WhiteElo "2244"]
[BlackElo "2443"]
[Annotator "ChessBase"]
[PlyCount "75"]
[EventDate "2019.11.28"]
[EventType "swiss"]
[EventCountry "MNC"]
[SourceTitle "playchess.com"]
[Source "ChessBase"]
[SourceQuality "1"]
[TimeControl "5400+30"]

1. e4 {[%emt 1:15:12]} c5 {[%emt 1:15:11]} 2. Nf3 {[%emt 0:00:21]} d6 {[%emt 0:00:21]} 3. d4 {[%emt 0:00:21]} cxd4 {[%emt 0:00:21]} 4. Nxd4 {[%emt 0:00:22]} Nf6 {[%emt 0:00:22]} 5. Nc3 {[%emt 0:00:21]} a6 {[%emt 0:00:21]} 6. g3 {[%emt 0:00:21]} e5 {[%emt 0:00:23]} 7. Nb3 {[%emt 0:00:21]} Nbd7 {[%emt 0:00:30]} 8. Bg2 {[%emt 0:00:24]} Be7 {[%emt 0:00:22]} 9. O-O {[%emt 0:00:28]} O-O {[%emt 0:00:22]} 10. a4 {[%emt 0:01:16]} b6 {[%emt 0:00:22]} 11. Nd5 {[%emt 0:00:28]} Bb7 {[%emt 0:00:34]} 12. Be3 {[%emt 0:00:46]} Nxd5 {[%emt 0:01:03]} 13. exd5 {[%emt 0:00:22]} Re8 {[%emt 0:01:38]} 14. Nd2 {[%emt 0:02:07]} Rc8 {[%emt 0:01:05]} 15. b3 {[%emt 0:00:40]} f5 {[%emt 0:00:55]} 16. Nc4 {[%emt 0:00:35]} Qc7 {[%emt 0:00:59]} 17. Ra2 {[%emt 0:00:49]} Bf6 {[%emt 0:00:35]} 18. a5 {[%emt 0:04:53]} b5 {[%emt 0:00:32]} 19. Nb6 {[%emt 0:00:23]} Nxb6 {[%emt 0:03:24]} 20. axb6 {[%emt 0:00:26]} Qf7 {[%emt 0:00:34]} 21. Qd2 {[%emt 0:00:41]} e4 {[%emt 0:00:27]} 22. Bf4 {[%emt 0:05:03]} Bc3 {[%emt 0:00:47]} 23. Qe2 {[%emt 0:01:04]} Qf6 {[%emt 0:00:30]} 24. h4 {[%emt 0:00:50]} Bd4 {[%emt 0:00:47]} 25. c4 {[%emt 0:00:35]} Bxb6 {[%emt 0:01:13]} 26. cxb5 {[%emt 0:00:21]} a5 {[%emt 0:00:33]} 27. Rd1 {[%emt 0:00:46]} Rc3 {[%emt 0:02:28]} 28. Bd2 {[%emt 0:00:56]} Rxb3 {[%emt 0:00:29]} 29. Bxa5 {[%emt 0:00:21]} Bc5 {[%emt 0:00:27]} 30. Qc4 {[%emt 0:01:11]} Rxg3 {[%emt 0:00:40]} 31. Kf1 {[%emt 0:00:49]} Rg4 {[%emt 0:00:50]} 32. Bb4 {[%emt 0:00:59]} e3 {[%emt 0:00:39]} 33. f4 {[%emt 0:00:41]} Qxh4 {[%emt 0:01:22]} 34. Rd4 {[%emt 0:01:13]} Bxd4 {[%emt 0:01:24]} 35. Bxd6 {[%emt 0:00:21]} Rc8 {[%emt 0:02:53]} 36. Bc7 {[%emt 0:00:55]} Rxf4+ {[%emt 0:00:27]} 37. Ke2 {[%emt 0:00:31]} Be5 {[%emt 0:00:30]} 38. Bf1 {[%emt 0:00:47]} 0-1

[Event "EWIRCC 2019"]
[Site "Monte-Carlo"]
[Date "2019.12.01"]
[Round "9.12"]
[White "Gunina, Valentina"]
[Black "Gaprindashvili, Nona"]
[Result "1-0"]
[WhiteElo "2509"]
[BlackElo "2275"]
[Annotator "ChessBase"]
[PlyCount "51"]
[EventDate "2019.11.28"]
[EventType "swiss"]
[EventCountry "MNC"]
[SourceTitle "playchess.com"]
[Source "ChessBase"]
[SourceQuality "1"]
[TimeControl "5400+30"]

1. e4 {[%emt 1:15:12]} b6 {[%emt 1:15:11]} 2. Bc4 {[%emt 0:00:24]} Bb7 {[%emt 0:00:22]} 3. Nc3 {[%emt 0:00:41]} e6 {[%emt 0:00:22]} 4. d3 {[%emt 0:00:43]} Bb4 {[%emt 0:00:34]} 5. Qg4 {[%emt 0:01:03]} Bxc3+ {[%emt 0:00:30]} 6. bxc3 {[%emt 0:00:22]} Qf6 {[%emt 0:00:21]} 7. Ne2 {[%emt 0:00:45]} d5 {[%emt 0:00:28]} 8. Bg5 {[%emt 0:01:00]} Qg6 {[%emt 0:00:50]} 9. Nf4 {[%emt 0:01:20]} f5 {[%emt 0:01:17]} 10. Qh4 {[%emt 0:00:37]} Qf7 {[%emt 0:00:29]} 11. exd5 {[%emt 0:00:22]} exd5 {[%emt 0:00:30]} 12. Bb3 {[%emt 0:02:20]} h6 {[%emt 0:01:21]} 13. Ne2 {[%emt 0:02:58]} Nd7 {[%emt 0:01:15]} 14. O-O {[%emt 0:01:53]} Nc5 {[%emt 0:01:49]} 15. Nd4 {[%emt 0:00:49]} Kf8 {[%emt 0:03:07]} 16. Rae1 {[%emt 0:00:29]} Qg6 {[%emt 0:01:21]} 17. Bd8 {[%emt 0:01:44]} Rc8 {[%emt 0:04:28]} 18. Re5 {[%emt 0:00:29]} Nf6 {[%emt 0:00:48]} 19. Bxf6 {[%emt 0:00:28]} gxf6 {[%emt 0:00:22]} 20. Rxf5 {[%emt 0:00:22]} Kg7 {[%emt 0:00:35]} 21. Rf3 {[%emt 0:00:22]} Kf7 {[%emt 0:00:57]} 22. Rg3 {[%emt 0:00:45]} Qh7 {[%emt 0:00:23]} 23. Qh5+ {[%emt 0:00:29]} Kf8 {[%emt 0:00:35]} 24. Rg6 {[%emt 0:00:41]} Qe7 {[%emt 0:01:55]} 25. Nf5 {[%emt 0:00:45]} Qe5 {[%emt 0:01:00]} 26. d4 {[%emt 0:00:36]} 1-0

[Event "EWIRCC 2019"]
[Site "Monte-Carlo"]
[Date "2019.12.01"]
[Round "9.13"]
[White "Bulmaga, Irina"]
[Black "Salimova, Nurgyul"]
[Result "1/2-1/2"]
[WhiteElo "2435"]
[BlackElo "2370"]
[Annotator "ChessBase"]
[PlyCount "248"]
[EventDate "2019.11.28"]
[EventType "swiss"]
[EventCountry "MNC"]
[SourceTitle "playchess.com"]
[Source "ChessBase"]
[SourceQuality "1"]
[TimeControl "5400+30"]

1. e4 {[%emt 1:15:11]} e5 {[%emt 1:15:11]} 2. Nf3 {[%emt 0:00:23]} Nc6 {[%emt 0:00:22]} 3. Bb5 {[%emt 0:00:23]} a6 {[%emt 0:00:21]} 4. Ba4 {[%emt 0:00:22]} g6 {[%emt 0:00:22]} 5. O-O {[%emt 0:00:27]} Bg7 {[%emt 0:00:22]} 6. c3 {[%emt 0:00:22]} d6 {[%emt 0:00:22]} 7. d4 {[%emt 0:00:25]} Bd7 {[%emt 0:00:21]} 8. Bxc6 {[%emt 0:01:05]} Bxc6 {[%emt 0:00:38]} 9. dxe5 {[%emt 0:00:26]} dxe5 {[%emt 0:00:28]} 10. Qe2 {[%emt 0:00:23]} Qe7 {[%emt 0:01:30]} 11. c4 {[%emt 0:00:31]} Nf6 {[%emt 0:01:16]} 12. Nc3 {[%emt 0:00:23]} O-O {[%emt 0:00:33]} 13. Bg5 {[%emt 0:01:07]} h6 {[%emt 0:03:19]} 14. Nd5 {[%emt 0:00:55]} Bxd5 {[%emt 0:11:55]} 15. Bxf6 {[%emt 0:00:23]} Qxf6 {[%emt 0:00:00]} 16. cxd5 {[%emt 0:00:27]} c6 {[%emt 0:00:00]} 17. Rfd1 {[%emt 0:00:43]} Rfd8 {[%emt 0:00:00]} 18. dxc6 {[%emt 0:00:51]} Qxc6 {[%emt 0:00:00]} 19. Rac1 {[%emt 0:00:50]} Rxd1+ {[%emt 0:00:00]} 20. Rxd1 {[%emt 0:00:21]} Rc8 {[%emt 0:00:00]} 21. h3 {[%emt 0:00:37]} Qc2 {[%emt 0:00:00]} 22. Rd8+ {[%emt 0:00:46]} Kh7 {[%emt 0:00:00]} 23. Qxc2 {[%emt 0:00:28]} Rxc2 {[%emt 0:00:00]} 24. Rd2 {[%emt 0:00:30]} Rxd2 {[%emt 0:00:00]} 25. Nxd2 {[%emt 0:00:22]} Bf8 {[%emt 0:00:00]} 26. Nc4 {[%emt 0:01:06]} f6 {[%emt 0:00:00]} 27. Kf1 {[%emt 0:00:58]} Kg7 {[%emt 0:00:00]} 28. Ke2 {[%emt 0:00:24]} Kf7 {[%emt 0:00:00]} 29. Ne3 {[%emt 0:00:48]} Ke6 {[%emt 0:00:00]} 30. Nd5 {[%emt 0:00:22]} Bc5 {[%emt 0:01:30]} 31. f3 {[%emt 0:00:25]} Bd4 {[%emt 0:02:00]} 32. b3 {[%emt 0:00:22]} f5 {[%emt 0:00:30]} 33. Kd3 {[%emt 0:00:37]} Kd6 {[%emt 0:01:35]} 34. Kc4 {[%emt 0:01:01]} Bf2 {[%emt 0:00:38]} 35. a4 {[%emt 0:00:28]} Bg1 {[%emt 0:00:41]} 36. a5 {[%emt 0:01:14]} Bf2 {[%emt 0:00:25]} 37. b4 {[%emt 0:00:27]} Bh4 {[%emt 0:01:48]} 38. Nc3 {[%emt 0:07:44]} Be1 {[%emt 0:00:53]} 39. Na4 {[%emt 0:00:27]} Bf2 {[%emt 0:00:57]} 40. Nc5 {[%emt 0:00:31]} Kc6 {[%emt 0:00:33]} 41. Ne6 {[%emt 0:00:47]} fxe4 {[%emt 0:00:28]} 42. fxe4 {[%emt 0:00:25]} b5+ {[%emt 0:00:59]} 43. axb6 {[%emt 0:00:35]} Bxb6 {[%emt 0:00:22]} 44. Nf8 {[%emt 0:01:01]} g5 {[%emt 0:00:21]} 45. Ne6 {[%emt 0:00:43]} a5 {[%emt 0:00:37]} 46. bxa5 {[%emt 0:00:35]} Bxa5 {[%emt 0:00:20]} 47. Ng7 {[%emt 0:00:36]} Bd8 {[%emt 0:00:33]} 48. g4 {[%emt 0:01:01]} Be7 {[%emt 0:00:21]} 49. Nf5 {[%emt 0:00:25]} Bf8 {[%emt 0:00:21]} 50. Ne3 {[%emt 0:01:00]} Bc5 {[%emt 0:00:35]} 51. Nd5 {[%emt 0:00:44]} Bf8 {[%emt 0:00:32]} 52. Nf6 {[%emt 0:00:51]} Bg7 {[%emt 0:00:42]} 53. Nh5 {[%emt 0:00:25]} Bf8 {[%emt 0:00:21]} 54. Ng3 {[%emt 0:00:20]} Be7 {[%emt 0:00:29]} 55. Kd3 {[%emt 0:00:43]} Kc5 {[%emt 0:00:36]} 56. Nf5 {[%emt 0:02:14]} Bf8 57. Kc3 {[%emt 0:00:00]} Kb5 {[%emt 0:00:45]} 58. Ng3 {[%emt 0:00:00]} Be7 {[%emt 0:00:40]} 59. Ne2 {[%emt 0:00:00]} Bd6 {[%emt 0:00:41]} 60. Nc1 {[%emt 0:00:24]} Bc5 {[%emt 0:00:36]} 61. Nb3 {[%emt 0:00:37]} Bb4+ {[%emt 0:00:24]} 62. Kd3 {[%emt 0:00:22]} Bd6 {[%emt 0:00:29]} 63. Nd2 {[%emt 0:00:24]} Kc5 {[%emt 0:00:36]} 64. Nf3 {[%emt 0:01:03]} Bc7 {[%emt 0:00:30]} 65. h4 {[%emt 0:00:57]} gxh4 {[%emt 0:00:22]} 66. Nxh4 {[%emt 0:00:22]} Bd6 {[%emt 0:00:57]} 67. Nf5 {[%emt 0:00:57]} Bf8 {[%emt 0:00:21]} 68. Kc3 {[%emt 0:00:29]} Kb5 {[%emt 0:00:24]} 69. Kd3 {[%emt 0:00:35]} Kc5 {[%emt 0:00:21]} 70. Ke3 {[%emt 0:00:28]} Kc4 {[%emt 0:00:29]} 71. Kf3 {[%emt 0:00:22]} Kd3 {[%emt 0:00:36]} 72. Ne3 {[%emt 0:00:47]} Be7 {[%emt 0:00:30]} 73. Nf1 {[%emt 0:00:28]} Bh4 {[%emt 0:00:27]} 74. Ne3 {[%emt 0:00:23]} Be7 {[%emt 0:00:25]} 75. Nd5 {[%emt 0:00:23]} Bf8 {[%emt 0:00:37]} 76. Nb6 {[%emt 0:00:42]} Kd4 {[%emt 0:00:28]} 77. Nd7 {[%emt 0:00:24]} Be7 {[%emt 0:00:25]} 78. Nb6 {[%emt 0:00:24]} Bf8 {[%emt 0:00:25]} 79. Nd5 {[%emt 0:00:22]} Ba3 {[%emt 0:00:37]} 80. Nc7 {[%emt 0:00:34]} Bc1 {[%emt 0:00:35]} 81. Ne6+ {[%emt 0:00:30]} Kc4 {[%emt 0:00:34]} 82. Nd8 {[%emt 0:00:35]} Bg5 {[%emt 0:00:44]} 83. Nc6 {[%emt 0:00:46]} Bf4 {[%emt 0:00:28]} 84. Nd8 {[%emt 0:00:28]} Bg5 {[%emt 0:00:25]} 85. Ne6 {[%emt 0:00:22]} Bc1 {[%emt 0:00:28]} 86. Nf8 {[%emt 0:00:34]} Bg5 {[%emt 0:00:29]} 87. Ng6 {[%emt 0:00:34]} Kd4 {[%emt 0:00:23]} 88. Nf8 {[%emt 0:00:22]} Kc4 {[%emt 0:00:25]} 89. Ne6 {[%emt 0:00:22]} Bc1 {[%emt 0:00:23]} 90. Ke2 {[%emt 0:00:26]} Bg5 {[%emt 0:00:39]} 91. Kf2 {[%emt 0:00:40]} Kd3 {[%emt 0:00:44]} 92. Kf3 {[%emt 0:00:22]} Kc4 {[%emt 0:00:38]} 93. Nf8 {[%emt 0:00:25]} Bc1 {[%emt 0:00:32]} 94. Ng6 {[%emt 0:00:29]} Kd4 {[%emt 0:00:30]} 95. Ne7 {[%emt 0:00:22]} Bf4 {[%emt 0:00:29]} 96. Nc6+ {[%emt 0:00:57]} Kd3 {[%emt 0:00:44]} 97. Nd8 {[%emt 0:00:22]} Bg5 {[%emt 0:00:34]} 98. Nf7 {[%emt 0:00:29]} Kd4 {[%emt 0:00:34]} 99. Nd6 {[%emt 0:00:25]} Bc1 {[%emt 0:00:28]} 100. Nf5+ {[%emt 0:00:37]} Kd3 {[%emt 0:00:29]} 101. Nh4 {[%emt 0:00:30]} Bg5 {[%emt 0:00:32]} 102. Ng6 {[%emt 0:00:26]} Kd4 {[%emt 0:00:25]} 103. Nf8 {[%emt 0:00:23]} Bc1 {[%emt 0:00:38]} 104. Nd7 {[%emt 0:00:22]} Bg5 {[%emt 0:00:29]} 105. Nb8 {[%emt 0:00:21]} Bf4 {[%emt 0:00:22]} 106. Nc6+ {[%emt 0:00:26]} Kc5 {[%emt 0:00:33]} 107. Nd8 {[%emt 0:00:26]} Bg5 {[%emt 0:00:42]} 108. Nf7 {[%emt 0:00:33]} Bf4 {[%emt 0:00:22]} 109. g5 {[%emt 0:00:41]} hxg5 {[%emt 0:00:33]} 110. Kg4 {[%emt 0:00:21]} Kd4 {[%emt 0:00:30]} 111. Nd6 {[%emt 0:00:22]} Kc5 {[%emt 0:00:31]} 112. Ne8 {[%emt 0:00:23]} Kd4 {[%emt 0:00:24]} 113. Nf6 {[%emt 0:00:21]} Ke3 {[%emt 0:00:31]} 114. Kf5 {[%emt 0:00:27]} Kd3 {[%emt 0:00:40]} 115. Ng4 {[%emt 0:00:23]} Kd4 {[%emt 0:00:23]} 116. Nf6 {[%emt 0:00:29]} Kd3 {[%emt 0:00:27]} 117. Ng4 {[%emt 0:00:47]} Kd4 {[%emt 0:00:21]} 118. Nh6 {[%emt 0:00:21]} Kd3 {[%emt 0:00:30]} 119. Ng4 {[%emt 0:01:10]} Kd4 {[%emt 0:00:23]} 120. Nf6 {[%emt 0:00:23]} Kd3 {[%emt 0:00:23]} 121. Nh5 {[%emt 0:00:29]} g4 {[%emt 0:00:55]} 122. Nxf4+ {[%emt 0:00:23]} exf4 {[%emt 0:00:21]} 123. Kxf4 {[%emt 0:00:22]} g3 {[%emt 0:00:21]} 124. Kxg3 {[%emt 0:00:22]} Kxe4 {[%emt 0:00:21]} 1/2-1/2